| 000 | 00421nam a2200169Ia 4500 | ||
|---|---|---|---|
| 008 | 210719s1994 xx 000 0 und d | ||
| 020 | _a0140172149 | ||
| 041 | _aeng | ||
| 082 | _a158.5 RUSP | ||
| 100 | _aRUSK (Tom) | ||
| 245 | _aPower of ethical persuasion. | ||
| 260 |
_aUSA. _bPenguin Books _c1994 |
||
| 300 |
_axvii,221 _bPB |
||
| 365 | _cRs | ||
| 650 | _aApplied Psychology | ||
| 906 | _aCooperation Negotiation | ||
| 999 |
_c213569 _d213569 |
||